000 00578nam a22001937a 4500
003 OSt
005 20140310182847.0
008 130611t xxu||||| |||| 00| 0 eng d
050 _aGV 861
_b.D953 1992
082 _aM 796.3232
_bD85 1992
245 _a1992-93 high school basketball rules /
_cDurbin, Brice B.
260 _aKansas City, Missouri :
_bNational Federation of State High School Associations,
_c1992.
300 _a91 p. :
_bill. ;
_c18 cm.
521 _acollege students
526 _c1210L-1700L
562 _e1
942 _2lcc
_cBK
_kM
999 _c16933
_d16933